000 02160cam a22005174i 4500
003 PE-LiUPU
005 20250731172934.0
008 150623s1997 miu rb 000 0 eng d
020 _a0802843166
035 _a(Sirsi) i9780802843166
040 _aPE-LiUPU
_bspa
_cPE-LiUPU
_erda
049 _aPRUA
082 0 4 _a230.01
_bM12
_221
100 1 _aMcGrath, Alister E.,
_eautor.
245 1 4 _aThe genesis of doctrine :
_ba study in the foundations of doctrinal criticism /
_cAlister E. McGrath.
264 1 _aGrand Rapids, Michigan :
_bWilliam B. Eerdmans Publishing Company,
_c1997.
300 _a266 páginas ;
_c23 centímetros
336 _atext
_2rdacontent
337 _aunmediated
_2rdamedia
338 _avolume
_2rdacarrier
504 _aBibliografía : páginas 237-259.
505 0 _aThe genesis of doctrine -- The nature of doctrine: A Response to George Lindbeck -- The nature of doctrine: four these -- On being condemned to history -- The authority of the past in modern Christian thougt -- Tradition: access to the identity-giving past.
526 _aSEG42
526 _aSEG41
526 _aSEG40
526 _aSEG39
526 _aP94
526 _aP87
526 _aP86
526 _aP85
526 _aP77
526 _aP76
526 _aP35
650 0 4 _aAutoridad
_xAspectos religiosos.
650 0 4 _aDogma, el desarrollo.
650 0 4 _aDogma.
942 _2ddc
_cBOOK
949 _a230.01 M12
_wDEWEY
_c1
_i44597
_lCCODEBUL1
_mBUL
_r0
_sY
_tBOOK
_u2015-6-24
_xTEOLOGIA
_PP35
_0COMPRA
_o.STAFF. Colección General
949 _a230.01 M12
_wDEWEY
_c2
_i44200
_lCCODEBUL1
_mBUL
_r0
_sY
_tBOOK
_u2015-6-24
_xTEOLOGIA
_PP35
_0COMPRA
_o.STAFF. Colección General
994 _aC0
_bPEPRU
596 _a1
999 _a230.01 M12
_wDEWEY
_c21076
_i44597
_f2021-11-9
_g6
_lCCODEBUL1
_mBUL
_r0
_sY
_tBOOK
_u2015-6-24
_xTEOLOGIA
_PP35
_0COMPRA
_o.STAFF. Colección General
_d21076
999 _a230.01 M12
_wDEWEY
_c2
_i44200
_e2017-2-15
_f2021-11-9
_g4
_lCCODEBUL1
_mBUL
_n2
_p28.00
_r0
_sY
_tBOOK
_u2015-6-24
_xTEOLOGIA
_PP35
_0COMPRA
_o.STAFF. Colección Teología
980 _81
_gALBERTO SANCHEZ Responsable de Automatización